000
00301nam a2200109Ia 4500
008
201223s9999 xx 000 0 und d
100
_a
Gruffydd, Bodfan
245
0
_a
Tree form, size and colour: A guide to selection, planting and design
260
_a
London
_b
E & F N Spon
300
_a
243
942
_c
BK
999
_c
8225
_d
8225